Top 25 Scorers in the UEFA Champions League - Statistics

General Stats
  • This quiz has been taken 103 times
  • The average score is 20 of 25
Answer Stats
Goals Player Country % Correct
140 Cristiano Ronaldo Portugal
100%
129 Lionel Messi Argentina
100%
103 Robert Lewandowski Poland
99%
47 Erling Haaland Norway
93%
51 Kylian Mbappé France
93%
34 Gerd Müller West Germany
90%
90 Karim Benzema France
90%
47 Mohamed Salah Egypt
90%
56 Thomas Müller Germany
90%
48 Zlatan Ibrahimović Sweden
89%
44 Didier Drogba Ivory Coast
87%
43 Neymar Brazil
85%
48 Andriy Shevchenko Ukraine
82%
50 Thierry Henry France
81%
35 Edinson Cavani Uruguay
77%
56 Ruud van Nistelrooy Netherlands
77%
71 Raúl Spain
75%
49 Alfredo Di Stéfano ArgentinaSpain
73%
36 Ferenc Puskás Hungary
73%
35 Harry Kane England
70%
42 Alessandro del Piero Italy
69%
46 Eusébio Portugal
68%
41 Sergio Agüero Argentina
64%
46 Filippo Inzaghi Italy
59%
42 Antoine Griezmann France
58%
No matching quizzes found
Score Distribution
Percent of People with Each Score
Percentile by Number Answered
Your Score History
You have not taken this quiz